Central Library OPAC University of Rajshahi

Industrial tribunal : (Record no. 46379)

MARC details
000 -LEADER
fixed length control field 00770nam a2200241 a 4500
001 - CONTROL NUMBER
control field 46379
003 - CONTROL NUMBER IDENTIFIER
rucl marc code BD-RjUL
005 - DATE AND TIME OF LATEST TRANSACTION
control field 20211209054138.0
008 - FIXED-LENGTH DATA ELEMENTS--GENERAL INFORMATION
fixed length control field 160802s1985 ii a b 001 0 eng
035 ## - SYSTEM CONTROL NUMBER
System control number (BD-RjUL)46497
040 ## - CATALOGING SOURCE
Original cataloging agency DLC
Transcribing agency DLC
Modifying agency DLC
Language of cataloging eng
041 ## - LANGUAGE CODE
Language code of text/sound track or separate title eng
082 00 - DEWEY DECIMAL CLASSIFICATION NUMBER
Classification number 344.5416201
Author mark and year SAI 1985
Edition number 23
100 1# - MAIN ENTRY--PERSONAL NAME
Personal name Sanajaoba, Naorem.
9 (RLIN) 141620
245 10 - TITLE STATEMENT
Title Industrial tribunal :
Remainder of title working, procedure, and judicial trends /
Statement of responsibility, etc. Naorem Sanajaoba ; foreword by Alice Jacob.
260 ## - PUBLICATION, DISTRIBUTION, ETC. (IMPRINT)
Place of publication, distribution, etc. New Delhi :
Name of publisher, distributor, etc. Deep & Deep Publications,
Date of publication, distribution, etc. c1985.
300 ## - PHYSICAL DESCRIPTION
Pagination 412 p. :
Size 22 cm.
Illustrations ill. ;
500 ## - GENERAL NOTE
General note Includes index.
504 ## - BIBLIOGRAPHY, ETC. NOTE
Bibliography, etc Bibliography: p. [397]-410.
650 #0 - SUBJECT ADDED ENTRY--TOPICAL TERM
Topical term or geographic name as entry element Labor courts
Geographic subdivision India
-- Assam.
9 (RLIN) 141621
942 ## - ADDED ENTRY ELEMENTS (KOHA)
Source of classification or shelving scheme Dewey Decimal Classification
Koha item type Books
Holdings
Lost status Source of classification or shelving scheme Damaged status Not for loan Collection code Permanent Location Current Location Shelving location Date acquired Source of acquisition Cost, normal purchase price Total Checkouts Full call number Date last seen Copy number Koha item type
  Dewey Decimal Classification     Non-fiction Central Library, University of Rajshahi Central Library, University of Rajshahi   01/04/2000 Dhaka, lucky syndicate 255.00   344.5416202 SAI 1985 02/08/2016 C-2 Books